Majmoa Makateeb e Ghalib (Record no. 16856)
[ view plain ]
| 000 -LEADER | |
|---|---|
| fixed length control field | 00356nam a22001217a 4500 |
| 008 - FIXED-LENGTH DATA ELEMENTS--GENERAL INFORMATION | |
| fixed length control field | 140109t xxu||||| |||| 00| 0 eng d |
| 100 ## - MAIN ENTRY--PERSONAL NAME | |
| Personal name | Asad Ullah Ghalib |
| 9 (RLIN) | 588 |
| 245 ## - TITLE STATEMENT | |
| Title | Majmoa Makateeb e Ghalib |
| Remainder of title | Tanqeedi o tehqeeqi jaiza aur asal mathan |
| 300 ## - PHYSICAL DESCRIPTION | |
| Extent | 500 |
| 710 ## - ADDED ENTRY--CORPORATE NAME | |
| Corporate name or jurisdiction name as entry element | Professor Nazeer ahmad |
| 9 (RLIN) | 589 |
| 710 ## - ADDED ENTRY--CORPORATE NAME | |
| Corporate name or jurisdiction name as entry element | Ghulam Rasool Meher |
| 9 (RLIN) | 590 |
| 942 ## - ADDED ENTRY ELEMENTS (KOHA) | |
| Source of classification or shelving scheme | |
| Koha item type | Book |
| Withdrawn status | Lost status | Source of classification or shelving scheme | Damaged status | Not for loan | Collection code | Permanent Location | Current Location | Date acquired | Total Checkouts | Full call number | Barcode | Date last seen | Price effective from | Koha item type |
|---|---|---|---|---|---|---|---|---|---|---|---|---|---|---|
| Atta-ur-Rahman School of Applied Biosciences (ASAB) | Atta-ur-Rahman School of Applied Biosciences (ASAB) | 01/09/2014 | 891.4 Ghalib | ASAB2737 | 01/09/2014 | 01/09/2014 | Book | |||||||
| Atta-ur-Rahman School of Applied Biosciences (ASAB) | Atta-ur-Rahman School of Applied Biosciences (ASAB) | 01/09/2014 | 891.4 Ghalib | ASAB2736 | 01/09/2014 | 01/09/2014 | Book | |||||||
| Atta-ur-Rahman School of Applied Biosciences (ASAB) | Atta-ur-Rahman School of Applied Biosciences (ASAB) | 01/09/2014 | 891.4 Ghalib | ASAB2735 | 01/09/2014 | 01/09/2014 | Book | |||||||
| Atta-ur-Rahman School of Applied Biosciences (ASAB) | Atta-ur-Rahman School of Applied Biosciences (ASAB) | 01/09/2014 | 891.4 Ghalib | ASAB2734 | 01/09/2014 | 01/09/2014 | Book | |||||||
| Atta-ur-Rahman School of Applied Biosciences (ASAB) | Atta-ur-Rahman School of Applied Biosciences (ASAB) | 01/09/2014 | 891.4 Ghalib | ASAB2733 | 12/10/2015 | 01/09/2014 | Book |
